000
00303nam a22001457a 4500
008
210607b ||||| |||| 00| 0 eng d
020
_a
0136403018
041
_a
eng
080
_a
541
082
_a
541
100
_a
12
101
_a
KIM
245
_a
Organic Chemistry
_c
L.G. Wade
942
_2
udc
_c
BK
999
_c
58046
_d
58046